Financial accounting : (Record no. 28306)

000 -LEADER
fixed length control field 01645cam a2200289 a 4500
001 - CONTROL NUMBER
control field 15980720
003 - CONTROL NUMBER IDENTIFIER
control field OSt
005 - DATE AND TIME OF LATEST TRANSACTION
control field 20170228114400.0
008 - FIXED-LENGTH DATA ELEMENTS--GENERAL INFORMATION
fixed length control field 091112s2011 njua b 001 0 eng
010 ## - LIBRARY OF CONGRESS CONTROL NUMBER
LC control number 2009047951
020 ## - INTERNATIONAL STANDARD BOOK NUMBER
International Standard Book Number 9780136115274 (casebound : alk. paper)
020 ## - INTERNATIONAL STANDARD BOOK NUMBER
International Standard Book Number 0136115276 (casebound : alk. paper)
035 ## - SYSTEM CONTROL NUMBER
System control number (OCoLC)ocn465681774
040 ## - CATALOGING SOURCE
Original cataloging agency DLC
Transcribing agency DLC
Modifying agency YDX
-- YDXCP
-- UV0
-- DLC
050 00 - LIBRARY OF CONGRESS CALL NUMBER
Classification number HF5636
Item number .R45 2011
082 00 - DEWEY DECIMAL CLASSIFICATION NUMBER
Classification number 657
Edition number 22
100 1# - MAIN ENTRY--PERSONAL NAME
Personal name Reimers, Jane L.
245 10 - TITLE STATEMENT
Title Financial accounting :
Remainder of title a business process approach /
Statement of responsibility, etc. Jane L. Reimers.
250 ## - EDITION STATEMENT
Edition statement 3rd ed.
260 ## - PUBLICATION, DISTRIBUTION, ETC. (IMPRINT)
Place of publication, distribution, etc. Upper Saddle River, N.J. :
Name of publisher, distributor, etc. Pearson Prentice Hall,
Date of publication, distribution, etc. c2011.
300 ## - PHYSICAL DESCRIPTION
Extent xxii, 620 p. :
Other physical details ill. (some col.) ;
Dimensions 29 cm.
504 ## - BIBLIOGRAPHY, ETC. NOTE
Bibliography, etc Includes bibliographical references and index.
505 0# - FORMATTED CONTENTS NOTE
Formatted contents note Business : what's it all about? -- Qualities of accounting information -- Accruals and deferrals : timing is everything in accounting -- Payment for goods and services: cash and accounts receivable -- The purchase and sale of inventory -- Acquisition and use of long-term assets -- Accounting for liabilities -- Accounting for shareholders' equity -- Preparing and analyzing the statement of cash flows -- Using financial statement analysis to evaluate firm performance -- Quality of earnings, corporate governance, and IFRS.
650 #0 - SUBJECT ADDED ENTRY--TOPICAL TERM
Topical term or geographic name as entry element Accounting.
650 #0 - SUBJECT ADDED ENTRY--TOPICAL TERM
Topical term or geographic name as entry element Financial statements.
906 ## - LOCAL DATA ELEMENT F, LDF (RLIN)
a 7
b cbc
c orignew
d 1
e ecip
f 20
g y-gencatlg
942 ## - ADDED ENTRY ELEMENTS (KOHA)
Source of classification or shelving scheme
Koha item type Hard Covered Materials
Classification part HF 5636 .R45 2010
Holdings
Withdrawn status Lost status Source of classification or shelving scheme Damaged status Not for loan Home library Current library Shelving location Date acquired Source of acquisition Total Checkouts Full call number Barcode Date last seen Price effective from Koha item type
          MACHAKOS UNIVERSITY LIBRARY MACHAKOS UNIVERSITY LIBRARY Open shelf 28/02/2017 Donation(BFA)   HF 5636 .R45 2010 36009 31/03/2017 28/02/2017 Hard Covered Materials
© Machakos University Library, Along The Highway, Machakos Wote Rd, Machakos, Kenya P.O. Box 136 - 90100 Machakos - Kenya

Tel: ( +254 ) 723 805829 OR Fax : 044-20353 OR Email: library@mksu.ac.ke